00297nam a2200121Ia 4500008004100000041000800041082001200049100002000061245001900081260004400100300002400144365000700168240624s9999 xx 000 0 und d aeng a823 CHR aCHRISTIE AGATHA aMURDER IS EASY c2002aLondonbHarper Collins Publishers a320 : p. : cm. ; 17 cRS